| 000 | 00000nam##2200000za#4500 |
| 001 | 9.663423 |
| 003 | CaOODSP |
| 005 | 20210615121031 |
| 007 | ta |
| 008 | 150407|2002||||xxc||||| f|0| 0 eng|d |
| 020 | |a0-662-66254-7 |
| 040 | |aCaOODSP|beng |
| 041 | |aeng |
| 041 | |afre |
| 043 | |an-cn--- |
| 086 | 1 |aA22-240/2001 |
| 110 | 1 |aCanada. |bAgriculture and Agri-Food Canada. |
| 245 | 13|aAn economic analysis of a major bio-fuel program undertaken by OECD countries |
| 260 | |aOttawa - Ontario : |bAgriculture and Agri-Food Canada |c2002. |
| 300 | |aEnglish text, v, 19p. (multiple paging) : |bgraphs, tables ; |c28 cm. |
| 504 | |aBibliography. |
| 546 | |aBilingual |
| 563 | |aSpiral binding |
| 590 | |a02-09|b2002-03-01 |
| 690 | 07|aFuels|2gcpds |
| 690 | 07|aEconomic analysis|2gcpds |
| 776 | 0#|tAnalyse économique d'un important programme de production de biocarburants mis en oeuvre dans les pays de l'OCDE / |w(CaOODSP)9.631631 |
| 776 | 0#|tAn economic analysis of a major bio-fuel program undertaken by OECD countries / |w(CaOODSP)9.687170 |
| 792 | |tAnalyse économique d'un important programme de production de biocarburants mis en oeuvre dans les pays de l'OCDE |efre|w(CaOODSP)9.663424 |